Family Album, USA. / book 5
שמור ב:
| מחבר ראשי: | |
|---|---|
| פורמט: | ספר |
| שפה: | English |
| יצא לאור: |
VH,
1997.
|
| נושאים: | |
| תגים: |
הוספת תג
אין תגיות, היה/י הראשונ/ה לתייג את הרשומה!
|
| Thư viện lưu trữ: | Mạng thư viện Đại học Đà Nẵng |
|---|
| LEADER | 00914cam a22002771a 4500 | ||
|---|---|---|---|
| 001 | 000033718 | ||
| 003 | 9906 | ||
| 005 | 20251001162503.0 | ||
| 008 | 151016s1997 000 eng | ||
| 041 | |a eng | ||
| 082 | |a 420.305230 |b NG-H | ||
| 100 | |a Nguyễn Quốc Hùng | ||
| 245 | 0 | |a Family Album, USA. / |c Nguyễn Quốc Hùng |n book 5 | |
| 260 | |a VH, |c 1997. | ||
| 300 | |a 106tr. : mh ; 25cm. | ||
| 650 | |a Family Album | ||
| 653 | |a Introduction |a Episodes | ||
| OWN | |a LNN | ||
| AVA | |a UDN50 |b LNN |c English |d 420.305230 NG-H |e available |t Error 5001 Not defined in file expand_doc_bib_avail. |f 1 |g 0 |h N |i 0 |j AN |k 1 | ||
| 999 | |a From the UDN01 | ||
| AVA | |a UDN50 |b LNN |c English |d 420.305230 NG-H |e available |t Error 5001 Not defined in file expand_doc_bib_avail. |f 1 |g 0 |h N |i 0 |j AN |k 1 | ||
| TYP | |a Monograph | ||
| 980 | |a Mạng thư viện Đại học Đà Nẵng | ||